El pensamiento náhuatl cifrado por los calendarios /

Investigación sobre la cultura náhuatl, desarrollada a partir del estudio de los calendarios que se conservan en códices tales como el Borgia, el Borbónico, el telleriano-Remensis y el Magliabechi.

保存先:
書誌詳細
第一著者: Séjourné, Laurette (autor)
その他の著者: Bagot, Françoise (ilustración) (ilustración), Pliego, Julio (fotógrafo) (fotógrafo)
フォーマット: 図書
言語:スペイン語
出版事項: México : Siglo XXI, 1981, c1981
シリーズ:(América Nuestra ; América Indígena) 35.
主題:
タグ: タグ追加
タグなし, このレコードへの初めてのタグを付けませんか!

MARC

LEADER 00000nam^a2200000^a^4500
001 000105506
005 20250526000000.0
009 20260310093502.387
020 |a 968-23-1057-1 
037 |a Acervo ITESO - Biblioteca 
041 |a ESP 
082 |a 972. 01  |b COD SEJ 
100 |a Séjourné, Laurette  |e (autor) 
245 1 3 |a El pensamiento náhuatl cifrado por los calendarios /  |c L. Séjourné ; il. de F. Bagot ; fotografía de J. Pliego ; tr. por Josefina Oliva de Coll. 
264 4 |a México :  |b Siglo XXI,  |c 1981, c1981 
300 |a 407 p. ;  |c 24.5 cm. 
440 1 |a (América Nuestra ;  |v 35.  |p América Indígena) 
520 |a Investigación sobre la cultura náhuatl, desarrollada a partir del estudio de los calendarios que se conservan en códices tales como el Borgia, el Borbónico, el telleriano-Remensis y el Magliabechi. 
649 |a XX 
650 |a Nahuas -  |x Historia -  |x Tema Principal 
650 |a Indígenas de México -  |x Historia -  |y Epoca Prehispánica 
650 |a Códices Prehispánicos -  |z México -  |x Historia y Crítica 
650 |a Calendarios -  |z México -  |x Historia -  |y Epoca Prehispánica -  |x Tema Principal 
650 |a México -  |x Historia -  |y Epoca Prehispánica 
650 |a Arqueología 
700 |a Bagot, Françoise  |e (ilustración) 
700 |a Pliego, Julio  |e (fotógrafo) 
910 |a Fondo Jesús Rodríguez 
920 |a Impresos - Libros 
930 |a Libros Antiguos y Raros 
905 |a 108 
901 |a 0500041655  |b IT2  |c LRA  |u 20250526 
902 |a https://opac.biblio.iteso.mx/vufind/Record/000105506